Building economics: appraisal and control of building design cost and efficiency/
Պահպանված է:
| Հիմնական հեղինակ: | |
|---|---|
| Ձևաչափ: | Գիրք |
| Լեզու: | անգլերեն |
| Հրապարակվել է: |
Macmillan
1996.
|
| Ցուցիչներ: |
Ավելացրեք ցուցիչ
Չկան պիտակներ, Եղեք առաջինը, ով նշում է այս գրառումը!
|
MARC
| LEADER | 00000nam a22000007a 4500 | ||
|---|---|---|---|
| 008 | 210510b ||||| |||| 00| 0 eng d | ||
| 020 | |a ISBN: 978-0-333-63835-4 | ||
| 100 | |a SEELEY, Ivor H. | ||
| 245 | |a Building economics: |b appraisal and control of building design cost and efficiency/ |c Ivor H. Seeley.- |e (Building and surveying series) |g xvii, 502p.; ill. | ||
| 250 | |b 4th ed.- | ||
| 260 | |b Macmillan |c 1996. |h . New York: Palgrave |i 691506 |i 691507 |l TH435 .Se3 | ||
| 500 | |a “It includes references and index”. | ||
| 942 | |a lcc |c BK |e j o ifatola |f 10/05/ 2021 | ||
| 952 | |0 0 |1 0 |2 lcc |4 0 |6 TH0435 S E3 |7 0 |9 2414 |a HOL |b HOL |c QZ |d 2021-05-10 |l 0 |o TH435 .Se3 |p 2021-6265 |r 2021-05-10 00:00:00 |w 2021-05-10 |y BK | ||
| 952 | |0 0 |1 0 |2 lcc |4 0 |6 TH0435 S E3 |7 0 |9 2415 |a HOL |b EDM |c QZ |d 2021-05-10 |l 0 |o TH435 .Se3 |p 2021-6266 |r 2021-05-10 00:00:00 |w 2021-05-10 |y BK | ||
| 999 | |c 1255 |d 1255 | ||